[Event "Titled Tuesday intern op 27th Apr"]
[Site "Chess.com INT"]
[Date "2021.04.27"]
[Round "5"]
[White "Nozdrachev, Vladislav"]
[Black "Seul, Georg"]
[Result "1-0"]
[WhiteElo "2500"]
[BlackElo "2372"]
[PlyCount "107"]
[EventDate "2021.04.27"]
[EventType "swiss (blitz)"]
[EventRounds "11"]
[EventCountry "USA"]
[SourceTitle "CBM 202 Extra"]
[Source "ChessBase"]
[SourceDate "2021.07.31"]
[SourceVersion "1"]
[SourceVersionDate "2021.07.31"]
[SourceQuality "1"]

1. e4 e5 2. Nf3 Nc6 3. Bc4 Nf6 4. d3 Bc5 5. 0-0 d6 6. c3 a6 7. a4 Ba7 8. Nbd2 h6 9. Re1 0-0 10. Nf1 Ne7 11. Ng3 Ng6 12. h3 c6 13. Bb3 Re8 14. d4 a5 15. Bc2 Be6 16. Be3 Qc7 17. Qd2 Kh7 18. b3 Rad8 19. c4 Bc8 20. Qc3 exd4 21. Nxd4 Kg8 22. Ndf5 Bxe3 23. Rxe3 Bxf5 24. Nxf5 Re6 25. Rd1 Rde8 26. Rg3 Qb6 27. Nxd6 Rd8 28. c5 Qb4 29. Qxb4 axb4 30. Nxb7 Rxd1+ 31. Bxd1 Rxe4 32. Rd3 Re1+ 33. Kh2 Nd5 34. a5 Ne5 35. Rd2 Nc3 36. a6 Nb5 37. f4 Ng6 38. Bf3 Ne7 39. Na5 Ra1 40. Nxc6 Nxc6 41. Bxc6 Nc3 42. Bb7 Ra3 43. c6 Nb5 44. Rd7 Rxb3 45. c7 Nxc7 46. Rxc7 Ra3 47. Rc4 b3 48. Rb4 g6 49. h4 h5 50. g3 Kg7 51. Kh3 Kf6 52. Rxb3 Rxb3 53. a7 Rxb7 54. a8Q 1-0

[Event "Titled Tuesday intern op 27th Apr"]
[Site "Chess.com INT"]
[Date "2021.04.27"]
[Round "9"]
[White "Spyropoulos, Nikolaos"]
[Black "Nozdrachev, Vladislav"]
[Result "1-0"]
[WhiteElo "2425"]
[BlackElo "2500"]
[PlyCount "163"]
[EventDate "2021.04.27"]
[EventType "swiss (blitz)"]
[EventRounds "11"]
[EventCountry "USA"]
[SourceTitle "CBM 202 Extra"]
[Source "ChessBase"]
[SourceDate "2021.07.31"]
[SourceVersion "1"]
[SourceVersionDate "2021.07.31"]
[SourceQuality "1"]

1. e4 c5 2. Nf3 Nf6 3. Nc3 d5 4. exd5 Nxd5 5. Bc4 Nb6 6. Bd3 Nc6 7. 0-0 g6 8. b3 Bg7 9. Bb2 0-0 10. Re1 Bg4 11. Be4 Qd7 12. h3 Bf5 13. Qc1 Rfe8 14. d3 Nd4 15. Qd1 e5 16. a4 Rad8 17. a5 Nc8 18. Bxf5 Qxf5 19. Nxd4 cxd4 20. Ne4 Qd7 21. Qf3 Qc6 22. Ba3 f5 23. Ng5 Nd6 24. Qxc6 bxc6 25. Bxd6 Rxd6 26. Ra4 Rd5 27. Rc4 c5 28. a6 Rb8 29. Ne6 Bf8 30. f4 exf4 31. Nxf8 Kxf8 32. Re6 Rb5 33. Rc6 Ra5 34. Kf2 Ke7 35. Rc7+ Rd7 36. R7xc5 Rxa6 37. Kf3 Re6 38. Rc7 g5 39. Rxd7+ Kxd7 40. Rxd4+ Kc6 41. Rc4+ Kb5 42. Rc7 h5 43. Rxa7 Re3+ 44. Kf2 g4 45. Rf7 g3+ 46. Kf1 Re5 47. d4 Re4 48. Rxf5+ Kb4 49. Rxh5 Kc3 50. Rc5+ Kd2 51. Re5 Rxd4 52. c4 Kc3 53. c5 Rd1+ 54. Re1 Rd2 55. c6 Rc2 56. c7 Kxb3 57. Rb1+ Ka2 58. Rb4 f3 59. gxf3 Rxc7 60. Kg2 Rg7 61. Rg4 Rh7 62. Kxg3 Kb3 63. Rd4 Kc3 64. Rd8 Kc4 65. f4 Rg7+ 66. Kf3 Kc5 67. h4 Rh7 68. Kg4 Rg7+ 69. Kh5 Rh7+ 70. Kg6 Rxh4 71. f5 Rg4+ 72. Kf7 Kc6 73. f6 Kc7 74. Rd1 Rg2 75. Ke7 Re2+ 76. Kf8 Rf2 77. f7 Rg2 78. Rd4 Rg1 79. Ke7 Re1+ 80. Kf6 Rf1+ 81. Ke6 Rf2 82. Rd5 1-0